header

Paediatric handbook (Record no. 66498)

MARC details
000 -LEADER
fixed length control field 01554nam a2200361Ia 4500
245 00 - TITLE STATEMENT
Title Paediatric handbook
250 ## - EDITION STATEMENT
Edition statement 8th ed. /
260 ## - PUBLICATION, DISTRIBUTION, ETC. (IMPRINT)
Place of publication Chichester, UK ;
-- Hoboken, NJ :
Name of publisher Wiley-Blackwell,
Year of publication c2009.
300 ## - PHYSICAL DESCRIPTION
Number of Pages xv, 640 p. :
Other physical details ill.
500 ## - GENERAL NOTE
General note Rev. ed. of: Paediatric handbook. 7th ed. / [by the staff of the Royal Children's Hospital, Melbourne, Australia] ; editors, Georgia Paxton, Jane Munro ; associate editor, Michael Marks . c2003.
General note Includes index.
650 #0 - SUBJECT ADDED ENTRY--TOPICAL TERM
Topical Term Pediatrics
Topical Term Children
700 1# - ADDED ENTRY--PERSONAL NAME
Personal name Thomson, Kate,
Personal name Tey, Dean.
Personal name Marks, Michael,
856 40 - ELECTRONIC LOCATION AND ACCESS
Uniform Resource Identifier http://site.ebrary.com/lib/rucke/Doc?id=10300920

No items available.

© 2026 Rongo University
Contact us: librarian | system librarian | Rongo university